The recovery of confidence

Bewaard in:
Bibliografische gegevens
Hoofdauteur: Gardner, John W.
Formaat: Boek
Taal:Undetermined
Gepubliceerd in: New York Norton 1970
Onderwerpen:
Tags: Voeg label toe
Geen labels, Wees de eerste die dit record labelt!
Thư viện lưu trữ: Trung tâm Học liệu Trường Đại học Cần Thơ
LEADER 00492nam a2200193Ia 4500
001 CTU_90205
008 210402s9999 xx 000 0 und d
082 |a 309.1 
082 |b G226 
100 |a Gardner, John W. 
245 4 |a The recovery of confidence 
245 0 |c John W. Gardner 
260 |a New York 
260 |b Norton 
260 |c 1970 
650 |a United states 
650 |x Social policy 
904 |i Năm,Hải 
980 |a Trung tâm Học liệu Trường Đại học Cần Thơ